| 000 | 01860cam a22004694i 4500 | ||
|---|---|---|---|
| 003 | PE-LiUPU | ||
| 005 | 20250731173408.0 | ||
| 008 | 150706s2011 miu rb 000 0 spa d | ||
| 020 | _a9780825413346 | ||
| 035 | _a(Sirsi) i9780825413346 | ||
| 040 |
_aPE-LiUPU _bspa _cPE-LiUPU _erda |
||
| 049 | _aPRUA | ||
| 082 | 0 | 4 |
_a253 _bH15 _221 |
| 100 | 1 |
_aHaggai, John Edmund , _eautor. |
|
| 245 | 1 | 0 |
_aSea un líder influyente : _b12 pasos para tomar decisiones con visión de futuro / _cJohn Edmund Haggai. |
| 264 | 1 |
_aMichigan : _bPORTAVOZ, _c2011. |
|
| 300 |
_a260 páginas ; _c22 centímetros |
||
| 336 |
_atext _2rdacontent |
||
| 337 |
_aunmediated _2rdamedia |
||
| 338 |
_avolume _2rdacarrier |
||
| 504 | _aIncluye bibliografía. | ||
| 505 | 0 | _aDefina su visión -- Alcance su objetivo -- Demuestre que el amor funciona -- Sea humilde y recto -- Viva sin concesiones -- Convenza y venza -- Invierta sin temor -- Aproveche lo imposible -- Vaya más lejos y más rápido -- Llegue hasta el final -- Lidere con gracia -- Aprovéchese de la ambigüedad. | |
| 526 | _aSEG42 | ||
| 526 | _aSEG41 | ||
| 526 | _aSEG40 | ||
| 526 | _aSEG39 | ||
| 526 | _aP94 | ||
| 526 | _aP87 | ||
| 526 | _aP86 | ||
| 526 | _aP85 | ||
| 526 | _aP77 | ||
| 526 | _aP76 | ||
| 526 | _aP35 | ||
| 541 | _g001-001103; | ||
| 650 | 0 | 4 | _aLiderazgo cristiano. |
| 910 |
_agl _bjv _clch _d20110905 |
||
| 942 |
_2ddc _cBOOK |
||
| 949 |
_a253 H15 _wDEWEY _c1 _i63389 _lCCODEBUL1 _mBUL _p12.00 _r0 _sY _tBOOK _u2015-7-6 _xTEOLOGIA _PP35 _o.STAFF. Colección General |
||
| 994 |
_aC0 _bPEPRU |
||
| 596 | _a1 | ||
| 999 |
_a253 H15 _wDEWEY _c52352 _i63389 _d52352 _e2017-6-13 _f2021-11-10 _g5 _lCCODEBUL1 _mBUL _n5 _p12.00 _q2 _r0 _sY _tBOOK _u2015-7-6 _xTEOLOGIA _PP35 _0COMPRA _o.STAFF. Colección Teología |
||
| 980 |
_81 _gALBERTO SANCHEZ Responsable de Automatización |
||